Los jueces (Registro nro. 2649)

Detalles MARC
000 -LEADER
fixed length control field 01010 a2200229 4500
001 - CONTROL NUMBER
control field 36420
005 - DATE AND TIME OF LATEST TRANSACTION
control field 20260407155639.0
008 - FIXED-LENGTH DATA ELEMENTS--GENERAL INFORMATION
fixed length control field 260407a1993 arg spa d
003 - CONTROL NUMBER IDENTIFIER
control field AR-UNSa-BCEJYS
040 ## - CATALOGING SOURCE
Original cataloging agency AR-UNSa-BCEJYS
Language of cataloging spa
Transcribing agency AR-UNSa-BCEJYS
080 ## - UNIVERSAL DECIMAL CLASSIFICATION NUMBER
Universal Decimal Classification number 347.962
Common auxiliary subdivision Magistrados. Magistratura. Jueces
020 ## - INTERNATIONAL STANDARD BOOK NUMBER
International Standard Book Number 950-9835-15-8
041 ## - LANGUAGE CODE
Language code of text/sound track or separate title spa
100 1# - MAIN ENTRY--PERSONAL NAME
Personal name Dromi, José Roberto
245 10 - TITLE STATEMENT
Title Los jueces
Name of part/section of a work ¿Es la justicia un tercio del poder?
250 ## - EDITION STATEMENT
Edition statement 2a. ed.
264 #1 - PRODUCTION, PUBLICATION, DISTRIBUTION, MANUFACTURE, AND COPYRIGHT NOTICE
Place of production, publication, distribution, manufacture Buenos Aires :
Name of producer, publisher, distributor, manufacturer Ediciones Ciudad Argentina
Date of production, publication, distribution, manufacture, or copyright notice 1993
300 ## - PHYSICAL DESCRIPTION
Extent 253 p.
Dimensions 20 cm.
505 ## - FORMATTED CONTENTS NOTE
Formatted contents note 1. ¿Jueces de quién? - 2. El poder de los jueces - 3. Identikit de juez - 4. Jueces guardianes - 5. Jueces y jurisprudencia - 6. Jueces vs. leyes - 7. Jueces vs. fiscales - 8. Jueces politizados - 9. Jueces naturales - 10. Jueces autolimitados - 11. Jueces paralelos - 12. Jueces de facto - 13. Jueces en mora - 14. Jueces privados - 15. Jueces verdaderos -
590 ## - LOCAL NOTE (RLIN)
Local note niveau_biblio:m niveau_hierar:0
942 ## - ADDED ENTRY ELEMENTS (KOHA)
Koha item type
Existencias
Withdrawn status Lost status Damaged status Not for loan Home library Current library Shelving location Date acquired Total checkouts Full call number Barcode Date last seen Price effective from Koha item type
        Biblioteca Prof. Eusebio Cleto del Rey Biblioteca Prof. Eusebio Cleto del Rey   07/04/2026   347.962 D786 2ed. L125310 07/04/2026 07/04/2026 Libro
        Biblioteca Prof. Eusebio Cleto del Rey Biblioteca Prof. Eusebio Cleto del Rey   07/04/2026   347.962 D786 2ed. L85621 07/04/2026 07/04/2026 Libro